Statistics for Hardest Country Flags

Click here to take the quiz!

General Stats

  • This quiz has been taken 2,235 times
  • The average score is 10 of 15

Answer Stats

Answer% Correct
Grenada
81%
Brunei
80%
Burkina Faso
79%
Fiji
76%
Nauru
76%
Tuvalu
74%
Lesotho
71%
Central African Republic
69%
Kiribati
68%
St. Kitts
65%
Benin
64%
Vanuatu
64%
St. Vincent
62%
Equatorial Guinea
58%
Papau New Guinea
22%

Score Distribution

Percentile by Number Answered

Percent of People with Each Score

Your Score History

You have not taken this quiz